LIFE SPAN DEVELOPMENT PSYCHOLPGY (Record no. 33923)

MARC details
000 -LEADER
fixed length control field 00314nam a22001337a 4500
003 - CONTROL NUMBER IDENTIFIER
control field SGT
020 ## - INTERNATIONAL STANDARD BOOK NUMBER
International Standard Book Number 9788195562817
082 ## - DEWEY DECIMAL CLASSIFICATION NUMBER
Classification number 155,SIN
100 ## - MAIN ENTRY--PERSONAL NAME
Personal name SINGH, ANKITA
245 ## - TITLE STATEMENT
Title LIFE SPAN DEVELOPMENT PSYCHOLPGY
260 ## - PUBLICATION, DISTRIBUTION, ETC. (IMPRINT)
Place of publication, distribution, etc JAIPUR
Name of publisher, distributor, etc AAVISHKAR PUBLISHERS DISTRIBUTORS
Year of Publication 2022
300 ## - PAGE DESCRIPTION
No. of Pages 294
942 ## - ADDED ENTRY ELEMENTS (KOHA)
Source of classification or shelving scheme Dewey Decimal Classification
Koha item type Books
Holdings
Withdrawn status Lost status Source of classification or shelving scheme Damaged status Not for loan Collection code Home library Current library Shelving location Date acquired Vendor Name Cost, normal purchase price SGTU Bill Number Total Checkouts Full call number Accession No. (Barcode) Date last seen Bill Date Koha item type
    Dewey Decimal Classification   Not For Loan EDUCATION SGT Engineering Library SGT Engineering Library Reference Book 04/02/2026 BRIJWASI BOOK DISTRIBUTORS 1900.00 SGTU IN/BW/000382   155,SIN ED5533 04/02/2026 20/12/2025 Books